Вацлав Гавел. Політичний портрет (Запис № 389291)

МАРК-запис
000 -Лідер
fixed length control field 00693nam a22002537a 4500
001 - Контрольний номер
control field 103065
003 - Ідентифікатор контрольного номера
control field UA-OsUOA
005 - Дата та час останнього входження (трансакції)
control field 20220413213645.0
007 - Фіксоване поле фізичного опису
fixed length control field ta
008 - Елементи даних фіксованої довжини – загальна інформація
fixed length control field 20131015b un ||||| |||| 00| 0 ukr d
020 ## - Міжнародний стандартний книжковий номер (ISBN)
Міжнародний стандартний книжковий номер (ISBN) (НП) 9789666994472
040 ## - Джерело каталогізації
Агенція оригінальної каталогізації UA-OsUOA
Мова каталогізації ukr
Агенція, яка здійснювала перезапис UA-OsUOA
Агенція, яка здійснювала модифікацію UA-OsUOA
041 ## - Код мови
Код мови тексту/ звукової доріжки чи окремого заголовка (П) ukr
080 ## - Індекс Універсальної десяткової класифікації
Індекс Універсальної десяткової класифікації (УДК) (НП) 323(437.1)(092)
090 ## - Локальний шифр розміщення
Класифікаційний індекс УДК 323(437.1)(092)
Авторський знак (НП) З-34
100 ## - Основне введення – ім’я особи
Ім’я особи (НП) Зарицький О. М.
245 ## - Відомості про назву
Назва (НП) Вацлав Гавел. Політичний портрет
260 ## - Публікація, розповсюдження і т.п. (Вихідні дані)
Місце публікації, розповсюдження і т.п. (П) К.
Ім’я/ наймення видавництва, розповсюджувача і т.п. (П) Основа
Дата публікації, розповсюдження і т.п. (П) 2009
300 ## - Фізичний опис
Обсяг 144 с.
650 #7 - Додаткове предметне введення – тематичний термін
Тематичний термін чи географічна назва, як елемент введення (НП) 32 Політика
Джерело заголовка чи терміна UDC
942 ## - Додаткові елементи входу (Коха)
Тип елемента Koha Книги
Source of classification or shelving scheme Universal Decimal Classification
955 ## - Код типу видання за змістом
Код типу видання за змістом (НП) Науково-популярні видання
Фонди
Стан вилучень Стан втрат Джерело класифікації або схеми стелажів Стан уражень Не для кредиту Код колекції Постійне місце розташування Поточне розміщення Дата придбання Джерело придбання Вартість, звичайна ціна покупки Інвентарний номер Повний номер виклику Штрих-код Дата останнього перегляду Ціна ефективна від Тип елемента Koha Примітка, призначена для загального доступу
    Universal Decimal Classification     Колекція Жулинського М.Г. АБ - Абонемент НБ АБ - Абонемент НБ 15/10/2013 53/2013 14.00 143742 323(437.1)(092) З-34 143742 07/02/2022 15/10/2013 Книги з автографом О. Зарицького